[Event "Adygea rapid op"]
[Site "Maikop"]
[Date "2019.05.03"]
[Round "6"]
[White "Bogumil, Tatiana"]
[Black "Baranov, Viacheslav"]
[Result "1-0"]
[WhiteElo "2124"]
[BlackElo "1653"]
[PlyCount "81"]
[EventDate "2019.05.02"]
[EventType "swiss (rapid)"]
[EventRounds "9"]
[EventCountry "RUS"]
[SourceTitle "CBM 190 Extra"]
[Source "ChessBase"]
[SourceDate "2019.07.15"]
[SourceVersion "1"]
[SourceVersionDate "2019.07.15"]
[SourceQuality "1"]

1. Nf3 Nf6 2. c4 g6 3. b3 Bg7 4. Bb2 0-0 5. g3 d6 6. d4 c5 7. Bg2 Nc6 8. d5 Na5 9. 0-0 Bd7 10. Re1 b5 11. cxb5 Bxb5 12. e4 Rc8 13. Qd2 Ne8 14. Bxg7 Nxg7 15. Nc3 Ba6 16. e5 Rb8 17. Ne4 Qb6 18. Qh6 Nf5 19. Qf4 c4 20. g4 Nd4 21. Nxd4 dxe5 22. Qxe5 f6 23. Qe6+ Kh8 24. Qxb6 Rxb6 25. bxc4 Bxc4 26. Nd2 Ba6 27. Rxe7 Rb2 28. N2b3 Rb8 29. Rxa7 Nxb3 30. axb3 Bd3 31. h4 Rb4 32. Ne6 R4xb3 33. Ra8+ Rb8 34. Rxb8+ Rxb8 35. d6 Bc4 36. Re1 Kg8 37. d7 Bxe6 38. Rxe6 Kf7 39. Bd5 Kf8 40. Bc6 Kf7 41. Re8 1-0

[Event "South FR-ch"]
[Site "Maikop"]
[Date "2018.03.27"]
[Round "4"]
[White "Baranov, Viacheslav"]
[Black "Kvasov, Alexey"]
[Result "1/2-1/2"]
[WhiteElo "1648"]
[BlackElo "1979"]
[PlyCount "70"]
[EventDate "2018.03.24"]
[EventType "swiss"]
[EventRounds "9"]
[EventCountry "RUS"]
[SourceTitle "EXT 2019"]
[Source "ChessBase"]
[SourceDate "2018.10.10"]
[SourceVersion "1"]
[SourceVersionDate "2018.10.10"]
[SourceQuality "1"]

1. d4 e6 2. Nf3 Nf6 3. Bf4 b6 4. e3 Bb7 5. Bd3 d5 6. 0-0 Bd6 7. Re1 Ne4 8. Nbd2 f5 9. Bxe4 fxe4 10. Ng5 Qf6 11. Qh5+ g6 12. Qg4 Bxf4 13. Qxf4 Qxf4 14. exf4 Ke7 15. f3 h6 16. Nh3 exf3 17. Nxf3 Nd7 18. Ne5 Nxe5 19. Rxe5 Rae8 20. Rae1 Kd6 21. f5 gxf5 22. Nf4 Bc8 23. Nxd5 Bd7 24. Nf6 Re7 25. d5 Rf8 26. Nxd7 Kxd7 27. dxe6+ Kd6 28. R5e2 Rf6 29. Rd2+ Kc6 30. Rde2 Kd6 31. Rd1+ Kc6 32. Rde1 Kd6 33. Rd1+ Kc6 34. Rde1 Kd6 35. Rd1+ Kc6 1/2-1/2

[Event "South FR-ch"]
[Site "Maikop"]
[Date "2018.03.25"]
[Round "2"]
[White "Alexeev, Alexey"]
[Black "Baranov, Viacheslav"]
[Result "1-0"]
[WhiteElo "2290"]
[BlackElo "1648"]
[PlyCount "59"]
[EventDate "2018.03.24"]
[EventType "swiss"]
[EventRounds "9"]
[EventCountry "RUS"]
[SourceTitle "EXT 2019"]
[Source "ChessBase"]
[SourceDate "2018.10.10"]
[SourceVersion "1"]
[SourceVersionDate "2018.10.10"]
[SourceQuality "1"]

1. d4 Nf6 2. c4 e6 3. g3 d5 4. Nf3 c6 5. Qc2 Bd6 6. Bg2 0-0 7. 0-0 Nbd7 8. Nbd2 Re8 9. b3 b6 10. Bb2 Bb7 11. Ne5 Rc8 12. Rac1 Qc7 13. Nxd7 Qxd7 14. e4 dxe4 15. Nxe4 Nxe4 16. Bxe4 h6 17. Rcd1 Qe7 18. Rfe1 Red8 19. Qd3 Kf8 20. f4 Bc5 21. Qf3 Qf6 22. Qf2 Bb4 23. Re3 Qe7 24. Bc2 Kg8 25. Qe2 Rc7 26. f5 Re8 27. fxe6 fxe6 28. Qd3 g5 29. Qg6+ Kh8 30. d5+ 1-0